<?xml version="1.0" encoding="UTF-8"?>
<collection xmlns="http://www.loc.gov/MARC21/slim">
 <record>
  <leader>04347nas a22006611  4500</leader>
  <controlfield tag="001">1/50315</controlfield>
  <controlfield tag="008">020705c19649999gr arzp       0   g0gre d</controlfield>
  <datafield tag="022" ind1=" " ind2=" ">
   <subfield code="a">1108-3581</subfield>
  </datafield>
  <datafield tag="035" ind1=" " ind2=" ">
   <subfield code="l">23903</subfield>
  </datafield>
  <datafield tag="040" ind1=" " ind2=" ">
   <subfield code="a">GR-PeUP</subfield>
  </datafield>
  <datafield tag="090" ind1=" " ind2=" ">
   <subfield code="a">Πληροφοριακό υλικό</subfield>
  </datafield>
  <datafield tag="245" ind1="0" ind2="0">
   <subfield code="a">ICAP :</subfield>
   <subfield code="b">ελληνικός οικονομικός οδηγός</subfield>
  </datafield>
  <datafield tag="260" ind1=" " ind2=" ">
   <subfield code="a">Αθήνα :</subfield>
   <subfield code="b">ICAP,</subfield>
   <subfield code="c">1964-</subfield>
  </datafield>
  <datafield tag="300" ind1=" " ind2=" ">
   <subfield code="a">τ. :</subfield>
   <subfield code="b">εικ. ;</subfield>
   <subfield code="c">28 εκ. +</subfield>
   <subfield code="e">1 οπτικό δίσκο Η/Υ.</subfield>
  </datafield>
  <datafield tag="310" ind1=" " ind2=" ">
   <subfield code="a">Ετήσιο</subfield>
  </datafield>
  <datafield tag="362" ind1="0" ind2=" ">
   <subfield code="a">1967-</subfield>
  </datafield>
  <datafield tag="505" ind1="0" ind2=" ">
   <subfield code="a">Τ.1. Βιομηχανία -- Τ.2. Εμπόριο -- Τ.3. Υπηρεσίες -- Τ.4. Ευρετήρια -- Τ.5. Η Ελλάδα σε αριθμούς</subfield>
  </datafield>
  <datafield tag="546" ind1=" " ind2=" ">
   <subfield code="a">Ελληνική, Αγγλική</subfield>
  </datafield>
  <datafield tag="650" ind1=" " ind2="4">
   <subfield code="a">Οικονομική ανάλυση</subfield>
   <subfield code="x">Οδηγοί.</subfield>
  </datafield>
  <datafield tag="650" ind1=" " ind2="4">
   <subfield code="a">Εταιρείες</subfield>
   <subfield code="z">Ελλάδα</subfield>
   <subfield code="x">Οδηγοί.</subfield>
  </datafield>
  <datafield tag="852" ind1=" " ind2=" ">
   <subfield code="a">INST</subfield>
   <subfield code="b">UNIPILB</subfield>
   <subfield code="c">REF</subfield>
   <subfield code="e">20070430</subfield>
   <subfield code="h">Πληροφοριακό υλικό</subfield>
   <subfield code="p">55530</subfield>
   <subfield code="q">55530</subfield>
   <subfield code="t">NOLOAN</subfield>
   <subfield code="v">(Έτος)2007:</subfield>
   <subfield code="y">23</subfield>
  </datafield>
  <datafield tag="852" ind1=" " ind2=" ">
   <subfield code="a">INST</subfield>
   <subfield code="b">UNIPILB</subfield>
   <subfield code="c">SERIALS</subfield>
   <subfield code="e">20060220</subfield>
   <subfield code="h">Αλφαβητική σειρά</subfield>
   <subfield code="p">50504</subfield>
   <subfield code="q">50504</subfield>
   <subfield code="t">NOLOAN</subfield>
   <subfield code="v">(Έτος)2006:</subfield>
   <subfield code="y">23</subfield>
  </datafield>
  <datafield tag="852" ind1=" " ind2=" ">
   <subfield code="a">INST</subfield>
   <subfield code="b">UNIPILB</subfield>
   <subfield code="c">SERIALS</subfield>
   <subfield code="e">20050303</subfield>
   <subfield code="h">Πληροφοριακό υλικό</subfield>
   <subfield code="p">40840</subfield>
   <subfield code="q">40840</subfield>
   <subfield code="t">NOLOAN</subfield>
   <subfield code="v">(Έτος)2005:</subfield>
   <subfield code="y">23</subfield>
  </datafield>
  <datafield tag="852" ind1=" " ind2=" ">
   <subfield code="a">INST</subfield>
   <subfield code="b">UNIPILB</subfield>
   <subfield code="c">SERIALS</subfield>
   <subfield code="e">20080411</subfield>
   <subfield code="h">Πληροφοριακό υλικό</subfield>
   <subfield code="p">60542</subfield>
   <subfield code="q">60542</subfield>
   <subfield code="t">NOLOAN</subfield>
   <subfield code="v">(Έτος)2008:</subfield>
   <subfield code="y">23</subfield>
  </datafield>
  <datafield tag="852" ind1=" " ind2=" ">
   <subfield code="a">INST</subfield>
   <subfield code="b">UNIPILB</subfield>
   <subfield code="c">SERIALS</subfield>
   <subfield code="e">20090406</subfield>
   <subfield code="h">Πληροφοριακό υλικό</subfield>
   <subfield code="p">63785</subfield>
   <subfield code="q">63785</subfield>
   <subfield code="t">NOLOAN</subfield>
   <subfield code="v">(Έτος)2009:</subfield>
   <subfield code="y">23</subfield>
  </datafield>
  <datafield tag="852" ind1=" " ind2=" ">
   <subfield code="a">INST</subfield>
   <subfield code="b">UNIPILB</subfield>
   <subfield code="c">SERIALS</subfield>
   <subfield code="e">20100225</subfield>
   <subfield code="h">Πληροφοριακό υλικό</subfield>
   <subfield code="p">67089</subfield>
   <subfield code="q">67089</subfield>
   <subfield code="t">NOLOAN</subfield>
   <subfield code="v">(Έτος)2010:</subfield>
   <subfield code="y">23</subfield>
  </datafield>
  <datafield tag="852" ind1=" " ind2=" ">
   <subfield code="a">INST</subfield>
   <subfield code="b">UNIPILB</subfield>
   <subfield code="c">SERIALS</subfield>
   <subfield code="e">20110603</subfield>
   <subfield code="h">Πληροφοριακό υλικό</subfield>
   <subfield code="p">71879</subfield>
   <subfield code="q">71879</subfield>
   <subfield code="t">NOLOAN</subfield>
   <subfield code="v">(Έτος)2011:</subfield>
   <subfield code="y">23</subfield>
  </datafield>
  <datafield tag="852" ind1=" " ind2=" ">
   <subfield code="a">INST</subfield>
   <subfield code="b">UNIPILB</subfield>
   <subfield code="c">SERIALS</subfield>
   <subfield code="e">20120402</subfield>
   <subfield code="h">Πληροφοριακό υλικό</subfield>
   <subfield code="p">75095</subfield>
   <subfield code="q">75095</subfield>
   <subfield code="t">NOLOAN</subfield>
   <subfield code="v">(Έτος)2012:</subfield>
   <subfield code="y">23</subfield>
  </datafield>
  <datafield tag="852" ind1=" " ind2=" ">
   <subfield code="a">INST</subfield>
   <subfield code="b">UNIPILB</subfield>
   <subfield code="c">SERIALS</subfield>
   <subfield code="e">20160708</subfield>
   <subfield code="h">Πληροφοριακό υλικό</subfield>
   <subfield code="p">88803</subfield>
   <subfield code="q">88803</subfield>
   <subfield code="t">NOLOAN</subfield>
   <subfield code="v">(Έτος)2016:</subfield>
   <subfield code="y">23</subfield>
  </datafield>
  <datafield tag="852" ind1=" " ind2=" ">
   <subfield code="a">INST</subfield>
   <subfield code="b">UNIPILB</subfield>
   <subfield code="c">SERIALS</subfield>
   <subfield code="e">20160708</subfield>
   <subfield code="h">Πληροφοριακό υλικό</subfield>
   <subfield code="p">88804</subfield>
   <subfield code="q">88804</subfield>
   <subfield code="t">NOLOAN</subfield>
   <subfield code="v">CD-ROM.Ελληνικός Οικονομικός Οδηγός:(Έτος)2016</subfield>
   <subfield code="y">23</subfield>
  </datafield>
  <datafield tag="852" ind1=" " ind2=" ">
   <subfield code="a">INST</subfield>
   <subfield code="b">UNIPILB</subfield>
   <subfield code="c">SERIALS</subfield>
   <subfield code="e">20180706</subfield>
   <subfield code="h">Πληροφοριακό υλικό</subfield>
   <subfield code="p">92407</subfield>
   <subfield code="q">92407</subfield>
   <subfield code="t">NOLOAN</subfield>
   <subfield code="v">(Έτος)2019:</subfield>
   <subfield code="y">23</subfield>
  </datafield>
  <datafield tag="852" ind1=" " ind2=" ">
   <subfield code="a">INST</subfield>
   <subfield code="b">UNIPILB</subfield>
   <subfield code="c">SERIALS</subfield>
   <subfield code="e">20190709</subfield>
   <subfield code="h">Πληροφοριακό υλικό</subfield>
   <subfield code="p">94994</subfield>
   <subfield code="q">94994</subfield>
   <subfield code="t">NOLOAN</subfield>
   <subfield code="v">(Έτος)2020:</subfield>
   <subfield code="y">23</subfield>
  </datafield>
  <datafield tag="852" ind1=" " ind2=" ">
   <subfield code="a">INST</subfield>
   <subfield code="b">UNIPILB</subfield>
   <subfield code="c">SERIALS</subfield>
   <subfield code="e">20190709</subfield>
   <subfield code="h">Πληροφοριακό υλικό</subfield>
   <subfield code="p">94995</subfield>
   <subfield code="q">94995</subfield>
   <subfield code="t">NOLOAN</subfield>
   <subfield code="v">(Έτος)2013:</subfield>
   <subfield code="y">23</subfield>
  </datafield>
  <datafield tag="856" ind1="4" ind2="1">
   <subfield code="u">http://www.icap.gr</subfield>
  </datafield>
  <datafield tag="856" ind1="4" ind2="1">
   <subfield code="u">http://www.findbiz.gr/</subfield>
  </datafield>
  <datafield tag="856" ind1="4" ind2="1">
   <subfield code="u">http://www3.kompass.com/kinl/en/</subfield>
  </datafield>
  <datafield tag="900" ind1=" " ind2=" ">
   <subfield code="a">(2022)</subfield>
   <subfield code="b">Αν/μενοISS</subfield>
   <subfield code="c">21/02/2022</subfield>
  </datafield>
  <datafield tag="900" ind1=" " ind2=" ">
   <subfield code="a">(2014)</subfield>
   <subfield code="b">Οφειλόμενο</subfield>
   <subfield code="c">13/06/2017</subfield>
  </datafield>
  <datafield tag="900" ind1=" " ind2=" ">
   <subfield code="a">(2015)</subfield>
   <subfield code="b">Οφειλόμενο</subfield>
   <subfield code="c">13/06/2017</subfield>
  </datafield>
  <datafield tag="900" ind1=" " ind2=" ">
   <subfield code="a">(2017)</subfield>
   <subfield code="b">Οφειλόμενο</subfield>
   <subfield code="c">27/06/2017</subfield>
  </datafield>
  <datafield tag="900" ind1=" " ind2=" ">
   <subfield code="a">(2018)</subfield>
   <subfield code="b">Οφειλόμενο</subfield>
   <subfield code="c">09/07/2018</subfield>
  </datafield>
  <datafield tag="900" ind1=" " ind2=" ">
   <subfield code="a">(2021)</subfield>
   <subfield code="b">Αν/μενοISS</subfield>
   <subfield code="c">14/03/2021</subfield>
  </datafield>
  <datafield tag="950" ind1=" " ind2=" ">
   <subfield code="a">01/01/2005</subfield>
   <subfield code="c">ΕΛΛΗΝΙΚΟΣ ΟΙΚΟΝΟΜΙΚΟΣ ΟΔΗΓΟΣ</subfield>
   <subfield code="d">319</subfield>
  </datafield>
  <datafield tag="951" ind1=" " ind2=" ">
   <subfield code="a">CD ROM Ελληνικός Οικονομικός Οδηγός  (2016)</subfield>
   <subfield code="b">Supplements</subfield>
  </datafield>
  <datafield tag="951" ind1=" " ind2=" ">
   <subfield code="a">Ελληνικός Οικονομικός Οδηγός  2022 ( ΒΙΟΜΗΧΑΝΙΑ /ΕΜΠΟΡΙΟ/ ΥΠΗΡΕΣΙΕΣ / ΕΥΡΕΤΗΡΙΟ)</subfield>
  </datafield>
  <datafield tag="951" ind1=" " ind2=" ">
   <subfield code="a">Ευρετήρια 2017</subfield>
   <subfield code="b">Indexes</subfield>
  </datafield>
  <datafield tag="951" ind1=" " ind2=" ">
   <subfield code="b">Main run</subfield>
  </datafield>
  <datafield tag="951" ind1=" " ind2=" ">
   <subfield code="a">(2005) -  (2013)</subfield>
   <subfield code="b">Main run</subfield>
  </datafield>
  <datafield tag="951" ind1=" " ind2=" ">
   <subfield code="a">(2016)</subfield>
   <subfield code="b">Main run</subfield>
  </datafield>
  <datafield tag="951" ind1=" " ind2=" ">
   <subfield code="a">Επιχειρήσεις (Βιομηχανία- Εμπόριο - Υπηρεσίες) 2017</subfield>
   <subfield code="b">Main run</subfield>
  </datafield>
  <datafield tag="951" ind1=" " ind2=" ">
   <subfield code="a">(2019)</subfield>
   <subfield code="b">Main run</subfield>
  </datafield>
  <datafield tag="951" ind1=" " ind2=" ">
   <subfield code="a">Ελληνικός οικονομικός οδηγός 2018</subfield>
   <subfield code="b">Main run</subfield>
  </datafield>
  <datafield tag="951" ind1=" " ind2=" ">
   <subfield code="a">Ελληνικός οικονομικός οδηγός 2018</subfield>
   <subfield code="b">Main run</subfield>
  </datafield>
  <datafield tag="951" ind1=" " ind2=" ">
   <subfield code="a">(2020)</subfield>
   <subfield code="b">Main run</subfield>
  </datafield>
  <datafield tag="951" ind1=" " ind2=" ">
   <subfield code="a">Ελληνικός οικονομικός οδηγός 2019</subfield>
   <subfield code="b">Main run</subfield>
  </datafield>
  <datafield tag="951" ind1=" " ind2=" ">
   <subfield code="a">Ελληνικός οικονομικός οδηγός 2019</subfield>
   <subfield code="b">Main run</subfield>
  </datafield>
  <datafield tag="951" ind1=" " ind2=" ">
   <subfield code="a">CD-ROM Ελληνικός Οικονομικός Οδηγός 1998, 1999, 2002, 2003, 2004, 2005, 2006, 2007, 2008, 2009, 2010, 2011, 2012</subfield>
   <subfield code="b">Supplements</subfield>
  </datafield>
  <datafield tag="951" ind1=" " ind2=" ">
   <subfield code="a">CD-ROM Ισολογισμοί 2000, 2001, 2002, 2003, 2004, 2005, 2006</subfield>
   <subfield code="b">Supplements</subfield>
  </datafield>
 </record>
</collection>
